000 00626nam a2200193Ia 4500
003 GCL
008 140319s9999 xx 000 0 ara d
040 _aGCL /
_cGCL
082 0 4 _a791.43
_bس م
100 1 _aسعيد شيمى
245 1 0 _aمحسن نصر :
_bالابداع على التوتر الحساس /
_cسعيد شيمى
260 _aالقاهرة :
_bصندوق التنمية الثقافية
300 _a217 ص ؛
_c21 سم
650 0 4 _aالمخرجون
650 0 4 _aالسينما - مصر
650 0 4 _aالاخراج السينمائى - تراجم
650 0 4 _aمحسن نصر
942 _2ddc
_cBK
999 _c7824
_d7824